| 000 | 00000nam##2200000za#4500 |
| 001 | 9.575825 |
| 003 | CaOODSP |
| 005 | 20210624184840 |
| 007 | cr ||||||||||| |
| 008 | 150406|2008||||xxc|||||o f|0| 0 eng|d |
| 040 | |aCaOODSP|beng |
| 043 | |an-cn--- |
| 086 | 1 |aTU3-6/08-63E-PDF |
| 110 | 2 |aTransportation Safety Board of Canada. |
| 245 | 10|aNon-main-track collision - Between Canadian National Train Q121-11-03 and VIA Rail Canada Inc. Train P614-21-02 Mile 1.3, Canadian National Bedford Subdivision, Halifax, Nova Scotia, 03 July 2008 |h[electronic resource] |
| 260 | |aOttawa - Ontario : |bTransportation Safety Board of Canada |c[2008]. |
| 300 | |a15p.|bcoloured illus., figs., references |
| 490 | 1 |aRailway investigation report |vR08M0063 |
| 590 | |a13-08-Supp|b2013-04-02 |
| 775 | 08|tCollision sur une voie non principale entre le train no Q121-11-03 du Canadien National et le train no P614-21-02 de VIA Rail Canada Inc. Point milliaire 1,3 de la subdivision Bedford du Canadien National, Halifax (Nouvelle-Écosse), le 3 juillet 2008 |w(CaOODSP)9.605239 |
| 830 | #0|aRailway investigation report ;|vR08M0063|w(CaOODSP)9.504849 |
| 856 | 40|ahttp://publications.gc.ca|qPDF|s882 KB|uhttps://publications.gc.ca/collections/collection_2013/bst-tsb/TU3-6-08-63-eng.pdf|yR08M0063 |